| 000 | 01093nas a2200337 4500 | ||
|---|---|---|---|
| 001 | BR2022000873 | ||
| 003 | BR-BrBNA | ||
| 005 | 20231205132318.0 | ||
| 007 | ta | ||
| 008 | 230509b bl.|||p| |||| 00| 00por d | ||
| 040 |
_aBR-BrBNA _bpor _cBiblioteca Nacional de Agricultura |
||
| 041 | _a(Pt) | ||
| 072 | _aL50 | ||
| 100 | 1 | _aDavi, D.B. | |
| 100 | 1 | _aPoli, C.H.E.C. | |
| 100 | 1 | _aSavian, J.V. | |
| 100 | 1 | _aAmaral, G.A. | |
| 100 | 1 | _aAzevedo, E.B. | |
| 100 | 1 | _aJochims, F. | |
| 245 | 1 | _aUso da creatinina urinária como marcador nutricional e de volume urinário em ovinos alimentados com forragem tropical ou temperada | |
| 650 | _aOVINO | ||
| 650 | _aDIETA | ||
| 650 | _aURINA | ||
| 650 | _aBIOQUÍMICA | ||
| 650 | _aCREATININA | ||
| 650 | _aFISIOLOGIA ANIMAL | ||
| 773 | 0 |
_tArquivo Brasileiro de Medicina Veterinária e Zootecnia (Brazil) _xISSN 1678-4162 _g(2015), v. 67(4) p. 1009-1015 _wBR2022000873 |
|
| 856 | 4 | 0 | _uhttps://www.scielo.br/j/abmvz/a/yPb645YCDMzRz3kJGtfHZSR/?format=pdf lang=en |
| 909 |
_a202311 _bLúcia _c55 _dLúcia Elande |
||
| 942 |
_2AGRIS _n0 _cANA |
||
| 999 |
_c259630 _d259630 |
||